000 00953naa a2200277 4500
005 20090813114356.0
008 090526t xxu||||| |||| 00| 0 eng d
010 _aENG-94735
020 _a9780070142763
_c250.00
020 _a0070142769
_c250.00
035 _aEN-78268
037 _bDBAD / PUB
040 _adpl
_bEnglish
082 _a333.79
100 _aKhan, B.H.
245 _aNon-conventional energy systems /
_cby B.H. Khan
260 _aNew Delhi
_bTata McGraw-Hill Publishing
_c2009
270 _a7 West Patel Nagar
_bNew Delhi
_e110 008
300 _axiii, 455p.
_b23cm(pbk)
500 _aIncludes index
650 _aPower resources
650 _aRenewable energy sources
710 _a.
942 _adpl
_cEN
_2ddc
_mKHA
_h333.79
999 _c29184
_d29184